| 000 -GUIDE |
| Champ de contrôle de longueur fixe |
00983nam a22002417a 4500 |
| 003 - IDENTITÉ DU NUMÉRO DE CONTRÔLE |
| Champ de contrôle |
BI-BuBU |
| 008 - ÉLÉMENTS DE LONGUEUR FIXE - RENSEIGNEMENTS GÉNÉRAUX |
| Champ de contrôle de longueur fixe |
100105s XXU||||dr|||| 00| 0dfre d |
| 020 ## - INTERNATIONAL STANDARD BOOK NUMBER |
| ISBN |
1887531262 |
| 039 ## - NIVEAU DE CONTRÔLE BIBLIOGRAPHIQUE ET HISTORIQUE D'ENCODAGE [OBSOLETE] |
| Date creation |
cm |
| 040 ## - SOURCE DU CATALOGAGE |
| Organisme qui a effectué le catalogage original |
BI-BuBU |
| Code de la langue utilisée dans le catalogage |
fre |
| Organisme qui a effectué la transcription |
BI-BuBU |
| 080 ## - INDICE DE LA CLASSIFICATION DÉCIMALE UNIVERSELLE (CDU) |
| Indice de la Classification décimale universelle |
339.5 |
| 100 1# - VEDETTE PRINCIPALE - NOM DE PERSONNE |
| Code de relation |
aut |
| Nom de personne |
Stone, Ralph |
| 245 1# - MENTION DU TITRE |
| Titre |
What,s your role? |
| Reste du titre |
training for organisational impact : a guide for training officers in protected area management |
| Mention de responsabilité, etc. |
Ralph Stone |
| 260 ## - PUBLICATION, DIFFUSION, ETC. (ADRESSE BIBLIOGRAPHIQUE) |
| Lieu de publication, diffusion, etc. |
Washington |
| Nom de l'éditeur, diffuseur, etc. |
Biodiversity support program |
| Date of publication, distribution, etc |
1997 |
| 300 ## - DESCRIPTION MATÉRIELLE |
| Collation |
[ pagination multiple] |
| Autres caractéristiques matérielles |
ill., couv.ill. en coul. |
| Dimensions |
28 cm. |
| 440 #0 - MENTION DE COLLECTION / VEDETTE SECONDAIRE DE TITRE |
| Titre |
Biodiversity support program |
| Numéro de la partie ou section du document |
5 |
| 9 (RLIN) |
10478 |
| 504 ## - NOTE DE BIBLIOGRAPHIE ET INDEX. |
| Note de bibliographie et index. |
Bibliogr. |
| 650 #7 - VEDETTE-MATIÈRE - NOM COMMUN |
| Vedette de sujet ou vedette comportant un nom géographique |
Aire protégée. Conservation. Formation. Afrique |
| 9 (RLIN) |
10479 |
| 650 #7 - VEDETTE-MATIÈRE - NOM COMMUN |
| Vedette de sujet ou vedette comportant un nom géographique |
Formation. Organisation. Aire protégée. Afrique |
| 9 (RLIN) |
10480 |
| 942 ## - ÉLÉMENTS D'ENTRÉE ADDITIONNELLE (KOHA) |
| Source de la classification ou du système de rangement |
|
| Type d item koha |
BOOK |